000
00380nas a2200157 a 4500
001
115261
003
203148
005
20201118120652.0
008
||||||n9999 ||| || ||
245
0
_a
Análisis Político - No.63
260
_a
Bogotá :
562
_e
9
773
_0
16715
_a
Análisis Político :
942
_c
SISS
999
_c
115261
_d
115261